Регионална библиотека "Любен Каравелов" - Русе

Смисълът в живота (Запис номер 4805)

MARC детайли
000 -Лидер
Контролно поле с фиксирана дължина 02573nam a2200421 c 4500
003 - Код на организацията, давaща контролен номер
Контролно поле BLK
005 - Дата и час на последна редакция
Контролно поле 20230301150818.0
008 - Елементи от данни с фиксирана дължина
fixed length control field 180412b bul|||||r ||||||| ||bul||
010 ## - Наследен системен номер
LC control number KNG00005970000
020 ## - Международен стандартен номер на книга ISBN
Международен стандартен номер на книга ISBN 954-520-044-8
040 ## - Източник на каталожния запис
Идентификатор на билиотеката - собственик на записа BLK
041 ## - Код за език
Код за езика на текст/звукозапис или на отделно заглавие Български
Код за езика КДБФ Български
080 ## - УДК
Текстов определител УДК История на Втората световна война (1939-1945)
УДК код - определител по УДК 94(100)"1939/1945"
УДК определител (093.3)
УДК - код + определител 94(100)"1939/1945"(093.3)
080 ## - УДК
Текстов определител УДК Психотерапия - Психодрама, лечение по системата на йогите, колективна психотерапия, терапевтично влияние на музиката, изкуство. Медитация - психотерапевтични аспекти. Самовнушение. Вж и 616.89
УДК код - определител по УДК 615.851
УДК - код + определител 615.851
080 ## - УДК
Текстов определител УДК Заведения за изпълнение на наказанието. Заведения за трудова терапия - Затвори, принудителна работа, наказателни колонии, концентрационни лагери, възпитателни заведения и др.
УДК код - определител по УДК 343.81
УДК определител .000.159.9
УДК - код + определител 343.81.000.159.9
100 1# - Редна дума - Автор
Автор Франкъл, Виктор Емил
Авторска отговорност първи автор
R(LIN) 249206
139 ## - Редно поле
Редна дума Франкъл, Виктор Емил
Авторски знак Фран - Ф 76
245 10 - Сведения за заглавието
Заглавие Смисълът в живота
Подзаглавни данни Увод в логотерапията
Редно поле (дума) Виктор Емил Франкъл; прев. от англ. Харалан Александров.
257 ## - Страна на издаване
Страна на създаване/издаване Съединени американски щати
260 ## - Област на издателските данни
Име на издателя, разпространителя и проч. Фонд. Отворено о-во
Година на издаване 1994
300 ## - Физическа характеристика
Страници 168 с.
Размери/Мащаб 21 см
380 ## - Жанр
Жанр История
490 1# - СЕРИИ (Колекции)
Име на серия Поредица Бележити произведения от бележити учени
500 ## - Общи забележки
Забележка Ориг. загл. Man's Search for Meaning / Viktor E. Frankl. - Библиогр. с. 137-168.
650 #4 - Допълнително описание по предмет – тема
Основно описание – тема или топоним Лекари-концлагеристи - Втора световна война - спомени
9 (RLIN) 160206
650 #4 - Допълнително описание по предмет – тема
Основно описание – тема или топоним Затворници - психология и поведение
9 (RLIN) 249208
650 #4 - Допълнително описание по предмет – тема
Основно описание – тема или топоним Психотерапия
9 (RLIN) 168415
650 #4 - Допълнително описание по предмет – тема
Основно описание – тема или топоним Екзистенциализъм
9 (RLIN) 154450
653 ## - Ключова дума – ненормативна
Ключова дума Втора световна война
653 ## - Ключова дума – ненормативна
Ключова дума концлагеристи
653 ## - Ключова дума – ненормативна
Ключова дума спомени
700 1# - Други автори (авторска отговорност)
Лично име Александров, Харалан
Автороска отговорност (Описва отношението между автора и произведението) прев. от англ.
9 (RLIN) 249207
852 ## - Местоположение
Форматна сигнатура Цб 181038
856 4# - Електронен адрес и достъп
Електронен формат pdf - файл
Път до файла /url/
856 4# - Електронен адрес и достъп
Електронен формат pdf - файл
Път до файла /url/
999 ## - СИСТЕМНИ КОНТРОЛНИ НОМЕРА
Koha biblionumber 4805
Koha biblioitemnumber 4805
942 ## - АРТИКУЛИ
Вид на библиотечния материал Книги
Скрит в OPAC Не
Koha issues (borrowed), all copies 9
Периодичен библиозапис Да
944 ## - СЪЗДАВАНЕ И РЕДАКЦИЯ на ЗАПИСА
Създаване/Редакция Създаване
Дата на регистрацията/редакция 15.01.2003
Статус, дата на статуса ф /
Служител, извършил регистрацията/редакцията AB_DOS
944 ## - СЪЗДАВАНЕ И РЕДАКЦИЯ на ЗАПИСА
Създаване/Редакция Редакция
Дата на регистрацията/редакция 25.11.2016
Статус, дата на статуса ф /
Служител, извършил регистрацията/редакцията Людмила_Стоянова
999 ## - СИСТЕМНИ КОНТРОЛНИ НОМЕРА
Koha biblioitemnumber 4805
Наличности
Код за отписване Код за изгубен артикул Източник на класификационната схема Код за повреда Коз за рестрикции Код за отдаване Артикулен № Име на библиотеката - собственик Име на библиотеката, в която се намира в момента Статус (Текущо местоположение) Дата на вписване в системата Местоположение - отдел Цена в лева Инвентарен номер Систематично азбучна сигнатура Баркод Номер на екземпляра Цена в евро Служебна бележка Служебен тип на артикула
  Не е изгубен Universal Decimal Classification Не е повреден без рестрикции ползва се в читалня 8509 Регионална библиотека "Любен Каравелов" Русе Регионална библиотека "Любен Каравелов" Русе Хранилище 2001-01-01 Хранилище 0.00 610245 Цб 181038 120000610245 1 0.00 Дост: Dp Вид: Д N: 7 Дата: 01.01.1994 Дата инв: 25.02.2015 Бележки инв: Цб2015 Книги
Изтеглен Не е изгубен Universal Decimal Classification Не е повреден без рестрикции заемане за дома 8510 Регионална библиотека "Любен Каравелов" Русе Регионална библиотека "Любен Каравелов" Русе Заемна - подръчен фонд 2001-01-01 Заемна - подръчен фонд 1.40 610779 П 940.53/Ф 76 610779 2 0.72 Дост: Pk Вид: Ф N: стар фонд Дата: 01.01.2001 Книги
  Не е изгубен Universal Decimal Classification Не е повреден без рестрикции заемане за дома 8511 Регионална библиотека "Любен Каравелов" Русе Регионална библиотека "Любен Каравелов" Русе Заемна - подръчен фонд 2016-10-25 Заемна - подръчен фонд 12.00 120000805271 94(100)"1939/1945"/Ф 76 В 120000805271 3 6.14 Дост: DA Вид: А N: 37 Дата: 25.10.2016 Дата инв: 14.02.2018 Бележки инв: П2018 Книги
Vip Innovations Ltd, Rousse, Bulgaria 2025